Kitchener: portrait of an imperialist / (Record no. 4175)
[ view plain ]
| 000 -LEADER | |
|---|---|
| fixed length control field | 00786cam a22002411 4500 |
| 001 - CONTROL NUMBER | |
| control field | 0000004343 |
| 005 - DATE AND TIME OF LATEST TRANSACTION | |
| control field | 20170406115742.0 |
| 008 - FIXED-LENGTH DATA ELEMENTS--GENERAL INFORMATION | |
| fixed length control field | 750514s1958 xx 000 0 eng |
| 010 ## - LIBRARY OF CONGRESS CONTROL NUMBER | |
| LC control number | 59000057 |
| 035 ## - SYSTEM CONTROL NUMBER | |
| -- | (DLC) 59000057 |
| 035 ## - SYSTEM CONTROL NUMBER | |
| System control number | (OCoLC)1331949 |
| 040 ## - CATALOGING SOURCE | |
| Original cataloging agency | DLC |
| Transcribing agency | OCU |
| Modifying agency | DLC |
| 042 ## - AUTHENTICATION CODE | |
| Authentication code | emarc=LC PreMARC Retrospective Conversion Project |
| 050 00 - LIBRARY OF CONGRESS CALL NUMBER | |
| Classification number | DA68.32.K6 |
| Item number | M3 1958 |
| 082 0# - DEWEY DECIMAL CLASSIFICATION NUMBER | |
| Classification number | 923.542 |
| 100 1# - MAIN ENTRY--PERSONAL NAME | |
| Personal name | Magnus, Philip Montefiore, |
| Titles and words associated with a name | Sir, bart., |
| Dates associated with a name | 1906-. |
| 245 00 - TITLE STATEMENT | |
| Title | Kitchener: portrait of an imperialist / |
| Statement of responsibility, etc. | [by] Philip Magnus. |
| 260 ## - PUBLICATION, DISTRIBUTION, ETC. | |
| Place of publication, distribution, etc. | London : |
| Name of publisher, distributor, etc. | J. Murray, |
| Date of publication, distribution, etc. | [c1958] |
| 300 ## - PHYSICAL DESCRIPTION | |
| Extent | 410 p. : |
| Other physical details | illus. ; |
| Dimensions | 23 cm. |
| 504 ## - BIBLIOGRAPHY, ETC. NOTE | |
| Bibliography, etc. note | Bibliographical footnotes. |
| 600 10 - SUBJECT ADDED ENTRY--PERSONAL NAME | |
| Personal name | Kitchener, Horatio Herbert Kitchener, |
| Titles and other words associated with a name | Earl, |
| Dates associated with a name | 1850-1916. |
| 908 ## - PUT COMMAND PARAMETER (RLIN) | |
| Put command parameter | 140910 |
| Withdrawn status | Lost status | Source of classification or shelving scheme | Damaged status | Not for loan | Home library | Current library | Shelving location | Date acquired | Total Checkouts | Full call number | Barcode | Date last seen | Copy number | Price effective from | Koha item type |
|---|---|---|---|---|---|---|---|---|---|---|---|---|---|---|---|
| CUZ Harare Campus | CUZ Harare Campus | Open Shelf | 06.04.2017 | PZ 3. MAG | BK0005067 | 22.05.2025 | CU10206 | 06.04.2017 | OS Book |